Statistics for Random Capitals Mouse Hunt!

Click here to take the quiz!

General Stats

  • This quiz has been taken 10,794 times
  • The average score is 5 of 10

Answers on the Map

Answers color-coded by a green-red scale on the quiz's map according to % correct below.
 

Answer Stats

Capital% Correct
Madrid
90%
Oslo
86%
Panama City
85%
Paris
85%
Washington D.C.
85%
Lisbon
83%
London
82%
Dublin
81%
Berlin
80%
Santiago
80%
Moscow
78%
New Delhi
77%
Tokyo
76%
Kiev
72%
Ottawa
72%
Mexico City
71%
Montevideo
71%
Bogotá
70%
Lima
70%
Seoul
70%
Belgrade
69%
Zagreb
69%
Bangkok
68%
Brasília
68%
Ljubljana
68%
Quito
68%
Skopje
68%
Bucharest
67%
Islamabad
67%
Stockholm
67%
Sucre
67%
Vilnius
66%
Bandar Seri Begawan
65%
Caracas
65%
Sofia
65%
Tripoli
65%
Amsterdam
64%
Luxembourg
64%
Asunción
63%
Chișinău
63%
Tallinn
63%
Tehran
63%
Athens
62%
Brussels
62%
Kinshasa
61%
Yaoundé
61%
Beijing
60%
San Marino
60%
Windhoek
60%
Amman
59%
Ankara
59%
Cairo
59%
Conakry
59%
Monaco
59%
Vienna
59%
Vientiane
59%
Wellington
59%
N'Djamena
58%
Victoria
58%
Algiers
57%
La Paz
57%
Rabat
57%
Prague
56%
Riga
56%
Bern
55%
Bratislava
55%
Kuwait City
55%
Pyongyang
55%
Tunis
55%
Warsaw
55%
Jerusalem
54%
Pristina
54%
San Salvador
54%
Guatemala City
53%
Sarajevo
53%
Baghdad
52%
Belmopan
52%
Jakarta
52%
Vatican City
52%
Budapest
50%
Djibouti
50%
Harare
50%
Lilongwe
50%
Manila
50%
Minsk
50%
Nassau
50%
Praia
50%
Tbilisi
50%
Abu Dhabi
48%
Baku
48%
Buenos Aires
48%
Sana'a
48%
Vaduz
48%
Pretoria
47%
Santo Domingo
47%
Tirana
47%
Freetown
46%
Helsinki
46%
Kingston
46%
Lomé
46%
Niamey
46%
Podgorica
45%
San José
45%
Antananarivo
44%
Bloemfontein
44%
Canberra
44%
Doha
44%
Khartoum
44%
Phnom Penh
44%
Port-au-Prince
44%
Beirut
43%
Hanoi
43%
Kuala Lumpur
43%
Lusaka
43%
Mbabane
43%
Reykjavík
43%
South Tarawa
43%
Abuja
42%
Bishkek
42%
Damascus
42%
Georgetown
42%
Kathmandu
42%
Naypyidaw
42%
Singapore
42%
Bamako
41%
Havana
41%
Luanda
41%
Tashkent
41%
Apia
40%
Bangui
40%
Nairobi
40%
Nur-Sultan
40%
Yamoussoukro
40%
Asmara
39%
Bissau
39%
Copenhagen
39%
Mogadishu
39%
Nicosia
39%
Paramaribo
39%
Addis Ababa
38%
Ouagadougou
38%
Riyadh
38%
Roseau
38%
Sri Jayawardenapura Kotte
38%
Valletta
38%
Port Louis
37%
São Tomé
37%
Basseterre
36%
Castries
36%
Malabo
36%
Managua
36%
Ulaanbaatar
36%
Banjul
35%
Kampala
35%
Nouakchott
35%
Brazzaville
33%
Ashgabat
32%
Dhaka
32%
Dushanbe
32%
Rome
32%
Yerevan
31%
Porto-Novo
30%
Gaborone
29%
Juba
29%
Nukuʻalofa
29%
Port Vila
29%
Tegucigalpa
29%
Thimphu
29%
Funafuti
28%
Moroni
28%
Cape Town
27%
Dakar
27%
Kabul
27%
Monrovia
27%
Kigali
26%
Malé
26%
Dodoma
25%
Andorra la Vella
24%
Cotonou
24%
Honiara
24%
Muscat
24%
Libreville
23%
Dili
22%
Gitega
22%
Port Moresby
22%
Ngerulmud
21%
Palikir
21%
Maputo
20%
Maseru
20%
Accra
19%
Saint John's
19%
Suva
19%
Yaren
18%
Saint George's
17%
Kingstown
16%
Majuro
15%
Taipei
15%
Manama
12%
Bridgetown
11%
Port-of-Spain
6%

Score Distribution

Percentile by Number Answered

Percent of People with Each Score

Your Score History

You have not taken this quiz